Countries that gained Independence in XXI century - Statistics

General Stats
  • This quiz has been taken 49 times
  • The average score is 4 of 5
Answer Stats
Year Country % Correct
2011 South Sudan
100%
2008 Kosovo
84%
2006 Montenegro
69%
2006 Serbia
62%
2002 East Timor
60%
No matching quizzes found
Score Distribution
Percent of People with Each Score
Percentile by Number Answered
Your Score History
You have not taken this quiz